Names of Animals in Korean - Statistics

General Stats
  • This quiz has been taken 28 times
  • The average score is 8 of 10
Answer Stats
Hint Answer % Correct
고양이 (goyangi) cat
100%
개(gae) dog
100%
호랑이 (horangi) tiger
96%
돼지 (dwaeji) pig
92%
토끼 (tokki) rabbit
84%
양 (yang) sheep
80%
원숭이 (wonsongi) monkey
76%
낙타 (nagta) camel
60%
코뿔소(koppulso) rhino
48%
야마 (yama) llama
36%
No matching quizzes found
Score Distribution
Percent of People with Each Score
Percentile by Number Answered
Your Score History
You have not taken this quiz